Statistiken für Die Österreich-Karte

Klicken Sie hier um das Quiz zu spielen!

Allgemein

  • Dieses Quiz wurde 423 mal gespielt
  • Das Durchschnittsergebnis liegt bei 40 aus 70

Antworten auf der Karte

Die Antworten werden auf der Karte rot bzw. grün angezeigt, abhängig davon wie oft sie richtig erraten wurden.
 

Antwortstatistiken

MerkmalsartMerkmal% Korrekt
StadtWien
99%
BundeslandWien
99%
BundeslandSalzburg
97%
StadtSalzburg
97%
StadtGraz
95%
FlussInn
95%
FlussDonau
94%
BundeslandTirol
93%
SpracheDeutsch
91%
StadtLinz
91%
StadtInnsbruck
90%
BundeslandNiederösterreich
89%
BundeslandOberösterreich
89%
BundeslandBurgenland
88%
BundeslandKärnten
87%
StadtKlagenfurt
87%
BundeslandSteiermark
87%
SpracheUngarisch
87%
BundeslandVorarlberg
87%
SpracheTschechisch
86%
SpracheSlowenisch
85%
SpracheSlowakisch
83%
BergGroßglockner
81%
StadtSt. Pölten
79%
FußballvereinFC Red Bull Salzburg
75%
FußballvereinSK Rapid Wien
75%
StadtVillach
73%
SeeBodensee
72%
StadtDornbirn
71%
SehenswürdigkeitStephansdom
67%
SeeNeusiedler See
65%
StadtWels
64%
FußballvereinSK Sturm Graz
61%
SpracheBurgenlandkroatisch
59%
FlussMur
59%
SeeWörthersee
59%
FlussDrau
57%
SeeAttersee
53%
NationalparkHohe Tauern
48%
SehenswürdigkeitUhrturm
48%
SkigebietSchladming
46%
SehenswürdigkeitGoldenes Dachl
44%
SehenswürdigkeitLindwurmbrunnen
43%
SkigebietSki Arlberg
43%
FlussEnns
41%
SkigebietSilvretta Arena
41%
Wiener BezirkDonaustadt
40%
FußballvereinFC Admira Wacker Mödling
40%
BergGroßvenediger
40%
Wiener BezirkInnere Stadt
40%
SeeTraunsee
39%
Wiener BezirkOttakring
35%
FußballvereinSV Ried
33%
Wiener BezirkMeidling
32%
SkigebietSaalbach-Hinterglemm
32%
Wiener BezirkDöbling
28%
SehenswürdigkeitHohensalzburg
28%
NationalparkDonau-Auen
27%
NationalparkKalkalpen
22%
NationalparkGesäuse
20%
SehenswürdigkeitStift Melk
20%
BergWildspitze
20%
SehenswürdigkeitSchloss Esterházy
19%
SpracheRomani
17%
SkigebietSkiWelt Wilder Kaiser
17%
SehenswürdigkeitHallstatt
14%
NationalparkThayatal
12%
BergWeißkugel
10%
BergGlocknerwand
9%
SehenswürdigkeitMartinsturm
7%

Verteilung der Resultate

Perzentil nach korrekt beantworteten Fragen

Anzahl Personen mit jedem Resultat

Ihre Resultats-Entwicklung

Sie haben dieses Quiz noch nicht gespielt